=LDR 00000nam 2200000 4500 =001 INLIS000000000008111 =005 20130612100025 =008 ***********************************ind** =035 ##$$0010-061300000008111 =041 ##$$a ind =082 ##$$a F Rom K =090 ##$$a F Rom K, Wah b =100 ##$$a Wahyuni, Ahisato =245 ##$$a Bumi masih berputar 3, Ahisato Wahyuni =260 ##$$a 2002 $b Jakarta =300 ##$$a ... jil, ilus, 17 cm =650 ##$$a Fiksi anak-anak =850 ##$$a NBPNMAT